Солнечно-земная физика. Вып. 61: Физика плазмы (Запись № 4865561)
[ простой вид ]
| 000 -МАРКЕР | |
|---|---|
| контрольное поле | 01621nam2a22003011 4500 |
| 001 - ИДЕНТИФИКАТОР ЗАПИСИ | |
| контрольное поле | rc\1113458 |
| 005 - ИДЕНТИФИКАТОР ВЕРСИИ | |
| контрольное поле | 20171108165441.0 |
| 035 ## - ДРУГИЕ СИСТЕМНЫЕ НОМЕРА | |
| Идентификатор записи | (NLR Aleph) 006357385 |
| 100 ## - ДАННЫЕ ОБЩЕЙ ОБРАБОТКИ | |
| Данные общей обработки | 20041126d1982 u |0rusy50 ca |
| 101 0# - ЯЗЫК РЕСУРСА | |
| Язык текста, звукозаписи и т.д. | русский |
| 102 ## - СТРАНА ПУБЛИКАЦИИ ИЛИ ПРОИЗВОДСТВА | |
| Страна публикации | Российская Федерация |
| 105 ## - ПОЛЕ КОДИРОВАННЫХ ДАННЫХ: ТЕКСТОВЫЕ МАТЕРИАЛЫ, МОНОГРАФИЧЕСКИЕ | |
| Кодированные данные о монографическом текстовом документе | a ||||||||| |
| 200 1# - ЗАГЛАВИЕ И СВЕДЕНИЯ ОБ ОТВЕТСТВЕННОСТИ | |
| Основное заглавие | Физика плазмы |
| Сведения, относящиеся к заглавию | [Сб. статей |
| Первые сведения об ответственности | Отв. ред. Г.Н. Кичигин] |
| 210 ## - ПУБЛИКАЦИЯ, РАСПРОСТРАНЕНИЕ И ДР. | |
| Место издания, распространения и т.д. | М. |
| Имя издателя, распространителя и т. д. | Наука |
| Дата издания, распространения и т.д. | 1982 |
| 215 ## - ФИЗИЧЕСКАЯ ХАРАКТЕРИСТИКА | |
| Специфическое обозначение материала и объем | 295 с. |
| Другие сведения о физической характеристике | ил. |
| Размеры | 21 |
| 225 0# - СЕРИЯ | |
| Основное заглавие серии | Исследования по геомагнетизму, аэрономии и физике солнца |
| Сведения об ответственности | АН СССР. Сиб. отд-ние, Сиб. ин-т зем. магнетизма, ионосферы и распространения радиоволн |
| Обозначение тома | Вып. 61 |
| 300 ## - ОБЩИЕ ПРИМЕЧАНИЯ | |
| Текст примечания | На обл. только загл. сер. |
| 320 ## - ПРИМЕЧАНИЯ О НАЛИЧИИ В ДОКУМЕНТЕ БИБЛИОГРАФИИ / УКАЗАТЕЛЯ | |
| Текст примечания | Библиогр. в конце статей |
| 461 #0 - УРОВЕНЬ НАБОРА | |
| Встроенное поле | 001RU\NLR\INFOCOMM22\5000120056 |
| -- | 2001#$aСолнечно-земная физика$eСб. науч. трудов$fРос. акад. наук. Сиб. отд-ние , Ин-т солнеч.-земной физики$vВып. 61 |
| Системный номер (АБИС) связанной записи | 3048999 |
| Место публикации | Новосибирск |
| Дата публикации | 1966 - |
| Первые сведения об ответственности | Рос. акад. наук. Сиб. отд-ние , Ин-т солнеч.-земной физики |
| Имя издателя, распространителя и т.д. | Изд-во СО РАН |
| Сведения, относящиеся к заглавию | сб. науч. трудов |
| Заглавие | Солнечно-земная физика |
| Номер тома | Вып. 61 |
| 702 #1 - ИМЯ ЛИЦА - ВТОРИЧНАЯ ОТВЕТСТВЕННОСТЬ | |
| Начальный элемент ввода | Кичигин |
| Часть имени, кроме начального элемента ввода | Г. Н. |
| Расширение инициалов личного имени | Геннадий Николаевич |
| Код отношения | Редактор |
| 801 #0 - ИСТОЧНИК ЗАПИСИ | |
| Страна | Российская Федерация |
| Организация | NLR |
| Правила каталогизации | psbo |
| 801 #1 - ИСТОЧНИК ЗАПИСИ | |
| Страна | Российская Федерация |
| Организация | ELAR |
| Источник данных | rusmarc |
| 852 ## - МЕСТОНАХОЖДЕНИЕ И ШИФР ХРАНЕНИЯ | |
| Идентификатор организации | NLR |
| Шифр хранения (Call Number) | П8/935 |
| 942 ## - ДОПОЛНИТЕЛЬНЫЕ ЭЛЕМЕНТЫ ЗАПИСИ (АБИС) | |
| Тип экземпляра АБИС | Выпуск |
| 980 ## - КОЛЛЕКЦИЯ | |
| Название коллекции | Национальная библиография |
| 980 ## - КОЛЛЕКЦИЯ | |
| Название коллекции | Русская периодика |
Нет доступных экземпляров.